| 000 | 01024nmc a2200337 a 4500 | ||
|---|---|---|---|
| 003 | AR-BaBNM | ||
| 005 | 20251128210152.0 | ||
| 008 | 179019s1995 ||||||||||||||000 | spa|| | ||
| 020 | _a84-7738-278-6 | ||
| 040 | _cAR-BaBNM | ||
| 100 | 1 | _aPérez Cantó, María Pilar | |
| 245 | 1 | 0 |
_aDe colonias a república _blos orígenes de los Estados Unidos de América |
| 260 |
_aMadrid _bSíntesis _c1995 |
||
| 300 | 0 |
_a231 p. _bmapas, tablas |
|
| 490 | 0 |
_aHistoria universal: moderna _vv. 21 |
|
| 504 | _aBibliografía p. 261-267 | ||
| 650 | 4 | _aHISTORIA NORTEAMERICANA | |
| 650 | 4 | _aCOLONIZACION | |
| 650 | 4 | _aGOBIERNO LOCAL | |
| 650 | 4 | _aSIGLO DIECISIETE | |
| 650 | 4 | _aMIGRACION INTERNA | |
| 650 | 4 | _aMOVIMIENTOS RELIGIOSOS | |
| 650 | 4 | _aLIBERALISMO | |
| 651 | 4 | _aEstados Unidos | |
| 653 | 0 | _aINDEPENDENCIA DE LOS ESTADOS UNIDOS | |
| 700 | 1 | _aGarcía Giráldez, Teresa | |
| 800 | 1 |
_aPlácido, Domingo _edirector |
|
| 800 | 1 |
_aLópez Cordón, María Victoria _ecoordinador |
|
| 942 | _cBK | ||
| 998 | _cMariana | ||
| 999 |
_c14354 _d14354 |
||